| 000 | 00879nam a22002297a 4500 | ||
|---|---|---|---|
| 999 |
_c7982 _d7982 |
||
| 003 | AR-CdUCM | ||
| 008 | 190321b ||||| |||| 00| 0 spa d | ||
| 040 |
_aMUNICIPALIDAD PROVINCIAL DEL CUSCO _cBIBLIOTECA MUNICIPAL DEL CUSCO |
||
| 041 | _heng | ||
| 082 |
_a636.208 / _bH19 |
||
| 100 |
_aHammond John _922554 |
||
| 245 | _aProducción de carne de vacuno / | ||
| 260 |
_aZaragoza : _bAcribia, _c1962. |
||
| 300 |
_a163 páginas ; _bilustraciones, láminas _c18 cm. |
||
| 505 | _aContenido: El abastecimiento de carne en Inglaterra -- Razas -- Principios de crecimiento -- La industria de la carne -- Cría de terneros al aire libre -- Cría en albergue -- Animales añojos y areles ... | ||
| 650 |
_aVacuno _922555 |
||
| 650 |
_aRazas _96935 |
||
| 650 |
_aInglaterra _91396 |
||
| 700 |
_aSierra de Castro, Miguel (traducción) _922556 |
||
| 942 |
_2ddc _cLIBROS |
||
| 945 | _aachl | ||